000 00290nam a22001337a 4500
008 180924b xxu||||| |||| 00| 0 eng d
020 _a0195021037
041 _aeng
080 _a316
100 _a50
101 _aSOC
245 _aSociology as an Art Form
_cNisbet, R
942 _2udc
_cBK
999 _c48392
_d48392